000 00657nam a22001817a 4500
020 _a9789693500103
082 _a891.51
_bRIA
100 _aRiaz dr.Muhammad
245 _aFarsi Adab ki Mukhtsar Traeen Tareekh/
_cDoctor Muhammad Riaz
260 _aLahore;
_bSang e meel publications,
_c2011.
300 _a254 p.
_c24cm.
563 _aHB
650 _aPersian literature — History and criticism
_9129629
880 _6100-01\(3\r
_aڈاکٹر محمد ریاض
880 _6245-02\(3\r
_a فارسی ادب کی مختصر ترین تاریخ
880 _6260-03\(3\r
_aلاہور
_bسنگِ میل پبلیکیشنز
_c2011
942 _2ddc
_cBK
999 _c614229
_d614229